| 000 | 00784nam a2200241Ia 4500 | ||
|---|---|---|---|
| 003 | GCL | ||
| 005 | 20240530104805.0 | ||
| 008 | 140319s9999 xx 000 0 ara d | ||
| 040 |
_aGCL / _cGCL |
||
| 082 | 0 | 4 |
_a272.2 _bع م |
| 100 | 1 | _aعصام الدين حفنى ناصف | |
| 245 | 1 | 0 |
_aموسى وفرعون بين الاسطورية والتاريخية / _cعصام الدين حفنى ناصف |
| 250 | _aالاولى | ||
| 260 |
_aالقاهرة: _bدار العلم الجديد، _c1975 |
||
| 300 |
_a140 ص؛ _c19 سم |
||
| 650 | 0 | 4 | _aقصص الانبياء |
| 650 | 0 | 4 | _aالديانات |
| 650 | 0 | 4 | _aالتوراة |
| 650 | 0 | 4 | _aالاسرائيليون |
| 650 | 0 | 4 | _aموسى عليه السلام |
| 700 | 1 |
_aحسن ظاظا _eمقدم |
|
| 942 |
_2ddc _cBK |
||
| 999 |
_c50688 _d50688 |
||